000 00310nam a2200133Ia 4500
100 _aShernman Philip M
942 _cBK
654 _aDigital Computers
245 _aProgramming & Coding Digital computers
260 _bWiley Eastern Pvt. Ltd.
_c2001
082 _a1.6
300 _a444
546 _aENGLISH
999 _c22263
_d22263